Ngữ pháp Việt Nam

Gồm 2 phần: phần thứ nhất : câu tiếng Việt bao gồm cấu trúc và cú pháp của câu, nghĩa trong câu...phần 2:cụm từ, từ loại, cấu tạo từ...

שמור ב:
מידע ביבליוגרפי
מחבר ראשי: Diệp, Quang Ban
פורמט: ספר
שפה:Undetermined
יצא לאור: H. Giáo dục Việt Nam 2009
נושאים:
גישה מקוונת:http://lrc.tdmu.edu.vn/opac/search/detail.asp?aID=2&ID=7521
תגים: הוספת תג
אין תגיות, היה/י הראשונ/ה לתייג את הרשומה!
Thư viện lưu trữ: Trung tâm Học liệu Trường Đại học Thủ Dầu Một
LEADER 00830nam a2200205Ia 4500
001 TDMU_7521
008 210410s9999 xx 000 0 und d
082 |a 495.9225 
090 |b D307 
100 |a Diệp, Quang Ban 
245 0 |a Ngữ pháp Việt Nam 
245 0 |c Diệp Quang Ban 
260 |a H. 
260 |b Giáo dục Việt Nam 
260 |c 2009 
300 |a 391tr 
520 |a Gồm 2 phần: phần thứ nhất : câu tiếng Việt bao gồm cấu trúc và cú pháp của câu, nghĩa trong câu...phần 2:cụm từ, từ loại, cấu tạo từ... 
650 |a Ngữ pháp; Tiếng Việt; Việt Nam 
856 |u http://lrc.tdmu.edu.vn/opac/search/detail.asp?aID=2&ID=7521 
980 |a Trung tâm Học liệu Trường Đại học Thủ Dầu Một